000
00324 a2200157 4500
001
56812
020
_a
853050240x
040
_c
Anchieta - Pituba
100
_a
Galdino, Luiz
240
1
0
_a
Primeiro amor
_l
por
245
1
0
_a
Primeiro amor
300
_a
127
362
0
_a
2000
650
4
_a
Literatura juvenil
942
_c
BK
999
_c
56812
_d
56812